LEADER 01358nam a2200325 i 4500 001 991000965049707536 005 20020507104512.0 008 960705s1973 us ||| | eng 035 $ab10154632-39ule_inst 035 $aLE00639878$9ExL 040 $aDip.to Fisica$bita 084 $a52.9.5 084 $a53(082.2) 084 $a53.3.1/53.3.4 084 $a539.7'6 084 $aQC793.9 111 2 $aCoral Gables Conference on fundamental interactions at high energies$0462123 245 10$aFundamental interactions in physics and astrophysics :$b9th Coral Gables Conference on fundamental interactions at high energies (University of Miami, 1972) /$cedited by A. Perlmutter...[et al.] 260 $aNew York :$bPlenum Press,$c1973 300 $ax, 460 p. :$bill. ;$c26 cm. 490 0 $aCoral Gables Conference on fundamental interactions at high energies ;$v9 490 0 $aStudies in the natural sciences ;$v3 650 4$aNuclear reactions$xCongresses 700 1 $aPerlmutter, Arnold 907 $a.b10154632$b17-02-17$c27-06-02 912 $a991000965049707536 945 $aLE006 53(042+082.2) COR$g1$i2006000032179$lle006$o-$pE0.00$q-$rl$s- $t0$u0$v0$w0$x0$y.i10186943$z27-06-02 996 $aFundamental interactions in physics and astrophysics$9187176 997 $aUNISALENTO 998 $ale006$b01-01-96$cm$da $e-$feng$gus $h0$i1 LEADER 01170nam 2200421 450 001 9910823635703321 005 20230814215444.0 010 $a2-36696-074-3 035 $a(CKB)4340000000260185 035 $a(MiAaPQ)EBC5320791 035 $a(Au-PeEL)EBL5320791 035 $a(CaPaEBR)ebr11524600 035 $a(OCoLC)1028950573 035 $a(EXLCZ)994340000000260185 100 $a20200127d2018 uy 0 101 0 $afre 135 $aurcnu|||||||| 181 $ctxt$2rdacontent 182 $cc$2rdamedia 183 $acr$2rdacarrier 200 12$aL'e?quitation fusionne?e $eme?thode et sensations /$fDidier Viricel 210 1$aToulouse :$cE?ditions La Valle?e Heureuse,$d[2018] 210 4$dİ2018 215 $a1 online resource (98 pages) 225 1 $aCollection "Nature" 311 $a2-36696-021-2 410 0$aStock/Nature. 606 $aHorsemanship 615 0$aHorsemanship. 676 $a798.2 700 $aViricel$b Didier$01668899 801 0$bMiAaPQ 801 1$bMiAaPQ 801 2$bMiAaPQ 906 $aBOOK 912 $a9910823635703321 996 $aL'e?quitation fusionne?e$94029840 997 $aUNINA